Hortus regius monspeliensis sistens plantas tum indigenas tum exoticas no. MMCC ad genera relatas, cum nominibus specificis, synonymis selectis, nominibus trivalibus, habitationibus indigenarum, hospitiis exoticarum, secundum sexualem methodum digestas / Antonii Goüan

Detalles Bibliográficos
Autor principal: Goüan, Antonio (1733-1821)
Formato: Libro
Lenguaje:Undetermined
Latin
Publicado: Lugduni : sumptibus fratrum de Tournes, 1762.
Materias:
Colección:Banco de datos
Acervo:Biblioteca Palafoxiana. Colección bibliográfica
Descripción Física:[14], 548, [38] p. : il. ; 4°
Tema general:Botánica
Notas:Incluye ilustraciones en grabado xilográfico. Número de localización: 26646
LEADER 00811nam a2200169Ia 4500
008 150723s9999 xx 000 0 und d
041 0 |a lat 
050 0 |a PAFX QK45 G8 
100 1 |a Goüan, Antonio (1733-1821) 
245 1 0 |a Hortus regius monspeliensis sistens plantas tum indigenas tum exoticas no. MMCC ad genera relatas, cum nominibus specificis, synonymis selectis, nominibus trivalibus, habitationibus indigenarum, hospitiis exoticarum, secundum sexualem methodum digestas / Antonii Goüan 
260 |a Lugduni : sumptibus fratrum de Tournes, 1762. 
300 |a [14], 548, [38] p. : il. ; 4° 
500 |a Incluye ilustraciones en grabado xilográfico. Número de localización: 26646 
650 1 0 |a Botánica 
942 |c PALALIB 
943 |g Biblioteca Palafoxiana. Colección bibliográfica 
999 |c 1047183  |d 1047183